[Event "WCO 2016"]
[Site "?"]
[Date "2016.09.13"]
[Round "11"]
[Board "12"]
[WhiteID "7000936"]
[White "Yamada Kohei"]
[BlackID "5124247"]
[Black "Flores Guerrero Jesus Ald"]
[Result "1-0"]
[BlackElo "2345"]
[WhiteElo "2100"]
[LiveChessVersion "1.4.8"]

1. d4 {[%clk 1:30:56]} d5 {[%clk 1:29:56]} 2. c4 {[%clk 1:31:19]} e6
{[%clk 1:30:17]} 3. Nc3 {[%clk 1:31:43]} f5 {[%clk 1:29:07]} 4. Nf3
{[%clk 1:31:15]} c6 {[%clk 1:29:17]} 5. Bf4 {[%clk 1:31:22]} Bd6 {[%clk 1:29:31]}
6. e3 {[%clk 1:27:57]} Nf6 {[%clk 1:29:24]} 7. Bd3 {[%clk 1:27:44]} O-O
{[%clk 1:29:31]} 8. O-O {[%clk 1:24:53]} Ne4 {[%clk 1:29:31]} 9. Qc2
{[%clk 1:21:28]} Be7 {[%clk 1:23:52]} 10. Bxb8 {[%clk 1:00:53]} Rxb8
{[%clk 1:24:10]} 11. Ne2 {[%clk 1:01:17]} Nd6 {[%clk 1:24:31]} 12. Rad1
{[%clk 0:56:53]} Bf6 {[%clk 1:17:57]} 13. b3 {[%clk 0:51:59]} g6 {[%clk 1:14:33]}
14. Ne5 {[%clk 0:49:06]} Nf7 {[%clk 1:13:44]} 15. Nxf7 {[%clk 0:46:07]} Rxf7
{[%clk 1:14:00]} 16. Kh1 {[%clk 0:46:03]} Qf8 {[%clk 1:13:04]} 17. Ng1
{[%clk 0:41:10]} g5 {[%clk 0:54:10]} 18. Nf3 {[%clk 0:33:23]} Qd6
{[%clk 0:49:53]} 19. Qb2 {[%clk 0:32:25]} g4 {[%clk 0:42:51]} 20. Ne5
{[%clk 0:32:22]} Rg7 {[%clk 0:43:06]} 21. f3 {[%clk 0:26:53]} g3 {[%clk 0:43:05]}
22. h3 {[%clk 0:26:53]} b6 {[%clk 0:38:55]} 23. Rc1 {[%clk 0:25:03]} c5
{[%clk 0:34:07]} 24. cxd5 {[%clk 0:24:06]} exd5 {[%clk 0:34:02]} 25. f4
{[%clk 0:24:11]} Be6 {[%clk 0:30:47]} 26. Qb1 {[%clk 0:23:24]} Bf7
{[%clk 0:20:06]} 27. Bxf5 {[%clk 0:22:41]} Bh5 {[%clk 0:20:35]} 28. Qc2
{[%clk 0:21:44]} Rc7 {[%clk 0:08:36]} 29. Bg4 {[%clk 0:15:51]} Bxg4
{[%clk 0:07:15]} 30. Nxg4 {[%clk 0:16:11]} Bg7 {[%clk 0:07:13]} 31. Ne5
{[%clk 0:15:03]} Rbc8 {[%clk 0:06:32]} 32. Qf5 {[%clk 0:09:32]} Bf6
{[%clk 0:00:48]} 33. Qg4+ {[%clk 0:08:49]} Kh8 {[%clk 0:01:15]} 34. Qxc8+
{[%clk 0:07:51]} 1-0

[Event "WCO 2016"]
[Site "?"]
[Date "2016.09.13"]
[Round "11"]
[Board "9"]
[WhiteID "9700056"]
[White "Li Ying Patrick"]
[BlackID "8700281"]
[Black "Kayonde Andrew"]
[Result "0-1"]
[BlackElo "2422"]
[WhiteElo "2131"]
[LiveChessVersion "1.4.8"]

1. d4 {[%clk 1:30:34]} d5 {[%clk 1:30:22]} 2. c4 {[%clk 1:29:54]} e6
{[%clk 1:30:20]} 3. e3 {[%clk 1:26:02]} Nf6 {[%clk 1:28:41]} 4. Nf3
{[%clk 1:26:23]} Be7 {[%clk 1:26:04]} 5. Bd3 {[%clk 1:26:46]} O-O
{[%clk 1:26:10]} 6. O-O {[%clk 1:27:11]} b6 {[%clk 1:24:09]} 7. b3
{[%clk 1:27:33]} Bb7 {[%clk 1:24:32]} 8. Bb2 {[%clk 1:27:53]} dxc4
{[%clk 1:23:52]} 9. Bxc4 {[%clk 1:26:32]} Nbd7 {[%clk 1:23:46]} 10. Nbd2
{[%clk 1:25:30]} c5 {[%clk 1:09:23]} 11. Qe2 {[%clk 1:23:46]} cxd4
{[%clk 1:09:19]} 12. Nxd4 {[%clk 1:22:16]} a6 {[%clk 1:08:02]} 13. N2f3
{[%clk 1:21:09]} b5 {[%clk 1:04:29]} 14. Bxe6 {[%clk 1:12:51]} fxe6
{[%clk 1:04:38]} 15. Nxe6 {[%clk 1:13:13]} Qb6 {[%clk 1:05:02]} 16. Nxf8
{[%clk 1:13:34]} Rxf8 {[%clk 1:05:27]} 17. Rac1 {[%clk 1:10:28]} Ng4
{[%clk 0:57:11]} 18. Nd4 {[%clk 1:03:43]} Nxh2 {[%clk 0:54:31]} 19. Kxh2
{[%clk 1:03:08]} Qh6+ {[%clk 0:54:54]} 20. Kg1 {[%clk 1:03:01]} Bxg2
{[%clk 0:55:16]} 21. Kxg2 {[%clk 1:02:21]} Qg5+ {[%clk 0:55:43]} 22. Kh1
{[%clk 0:47:22]} Rf6 {[%clk 0:56:07]} 23. f4 {[%clk 0:46:50]} Rh6+
{[%clk 0:56:31]} 24. Qh2 {[%clk 0:47:17]} Rxh2+ {[%clk 0:56:50]} 25. Kxh2
{[%clk 0:47:41]} Qh4+ {[%clk 0:57:14]} 26. Kg2 {[%clk 0:47:49]} Qg4+
{[%clk 0:57:35]} 27. Kh2 {[%clk 0:48:04]} Nf6 {[%clk 0:53:08]} 28. Rf3
{[%clk 0:47:22]} Qh5+ {[%clk 0:49:09]} 29. Rh3 {[%clk 0:46:41]} Qg6
{[%clk 0:47:11]} 30. Rg3 {[%clk 0:42:56]} Ng4+ {[%clk 0:47:23]} 31. Kg1
{[%clk 0:42:33]} h5 {[%clk 0:47:13]} 32. Nf3 {[%clk 0:42:39]} Qe4
{[%clk 0:40:30]} 33. Bd4 {[%clk 0:40:37]} Bf6 {[%clk 0:32:05]} 34. Ne5 Bxe5
{[%clk 0:24:19]} 35. fxe5 {[%clk 0:24:09]} h4 {[%clk 0:24:08]} 36. Rh3
{[%clk 0:21:24]} g5 {[%clk 0:16:19]} 37. e6 {[%clk 0:15:47]} Qxe6
{[%clk 0:16:01]} 38. Rf3 {[%clk 0:13:53]} Ne5 {[%clk 0:16:01]} 39. Bxe5
{[%clk 0:09:08]} Qxe5 {[%clk 0:16:25]} 40. Re1 {[%clk 0:38:05]} Kg7
{[%clk 0:43:14]} 41. Re2 {[%clk 0:31:55]} Kg6 {[%clk 0:42:19]} 42. e4
{[%clk 0:31:27]} g4 {[%clk 0:42:19]} 43. Rd3 {[%clk 0:30:19]} h3 {[%clk 0:41:49]}
44. a4 {[%clk 0:24:46]} g3 {[%clk 0:41:08]} 45. Rd1 {[%clk 0:24:49]} Qc5+
{[%clk 0:40:57]} 46. Kh1 {[%clk 0:24:08]} Qc3 {[%clk 0:41:10]} 0-1

[Event "WCO 2016"]
[Site "?"]
[Date "2016.09.13"]
[Round "11"]
[Board "10"]
[WhiteID "8700443"]
[White "Phiri Richmond"]
[BlackID "9700072"]
[Black "Chinasamy Devarajen"]
[Result "1-0"]
[BlackElo "2018"]
[WhiteElo "2342"]
[LiveChessVersion "1.4.8"]

1. d4 {[%clk 1:30:55]} Nf6 {[%clk 1:30:54]} 2. Nf3 {[%clk 1:30:59]} e6
{[%clk 1:31:11]} 3. e3 {[%clk 1:30:36]} c5 {[%clk 1:31:26]} 4. Bd3
{[%clk 1:31:00]} b6 {[%clk 1:31:44]} 5. O-O {[%clk 1:31:21]} Bb7 {[%clk 1:32:09]}
6. c4 {[%clk 1:31:46]} Be7 {[%clk 1:28:04]} 7. Nc3 {[%clk 1:32:11]} Nc6
{[%clk 1:26:48]} 8. d5 {[%clk 1:19:24]} Nb4 {[%clk 1:20:33]} 9. Be2
{[%clk 1:05:00]} exd5 {[%clk 1:16:35]} 10. a3 {[%clk 1:05:25]} d4
{[%clk 0:59:57]} 11. exd4 {[%clk 1:05:48]} Na6 {[%clk 1:00:15]} 12. d5
{[%clk 1:06:06]} d6 {[%clk 0:59:24]} 13. Bd3 {[%clk 1:03:12]} O-O
{[%clk 0:58:26]} 14. Re1 {[%clk 1:03:24]} Re8 {[%clk 0:57:29]} 15. Bf4
{[%clk 0:59:32]} Nc7 {[%clk 0:57:21]} 16. Ng5 {[%clk 0:57:10]} Rf8
{[%clk 0:51:41]} 17. Re3 {[%clk 0:56:42]} h6 {[%clk 0:50:24]} 18. Nh3
{[%clk 0:55:41]} Bc8 {[%clk 0:49:11]} 19. Rg3 {[%clk 0:55:57]} Kh8
{[%clk 0:48:00]} 20. Qf3 {[%clk 0:51:09]} Nce8 {[%clk 0:42:11]} 21. Re1
{[%clk 0:50:05]} a6 {[%clk 0:41:58]} 22. Re3 {[%clk 0:43:27]} Ra7
{[%clk 0:40:13]} 23. Bxh6 {[%clk 0:26:16]} Rg8 {[%clk 0:22:09]} 24. Qf4
{[%clk 0:15:34]} Bf8 {[%clk 0:19:39]} 25. Bg5 {[%clk 0:15:10]} 1-0

[Event "WCO 2016"]
[Site "?"]
[Date "2016.09.13"]
[Round "11"]
[Board "11"]
[WhiteID "9700161"]
[White "Koster Jeroen Louis"]
[BlackID "8700265"]
[Black "Mwali Chitumbo"]
[Result "0-1"]
[BlackElo "2335"]
[WhiteElo "1879"]
[LiveChessVersion "1.4.8"]

1. b4 {[%clk 1:30:53]} Nf6 {[%clk 1:30:55]} 2. Bb2 {[%clk 1:31:20]} e6
{[%clk 1:31:23]} 3. a3 {[%clk 1:31:43]} d5 {[%clk 1:31:21]} 4. e3
{[%clk 1:32:06]} a5 {[%clk 1:31:45]} 5. b5 {[%clk 1:32:30]} c6 {[%clk 1:32:08]}
6. c4 {[%clk 1:32:57]} Be7 {[%clk 1:31:59]} 7. Nf3 {[%clk 1:32:48]} O-O
{[%clk 1:32:22]} 8. Qc2 {[%clk 1:25:54]} Nbd7 {[%clk 1:32:10]} 9. d3
{[%clk 1:26:21]} cxb5 {[%clk 1:28:15]} 10. cxd5 {[%clk 1:19:17]} Nxd5
{[%clk 1:28:17]} 11. Nbd2 {[%clk 1:15:25]} b4 {[%clk 1:26:30]} 12. d4
{[%clk 1:14:21]} b6 {[%clk 1:20:43]} 13. Bd3 {[%clk 1:13:51]} h6 {[%clk 1:20:47]}
14. O-O {[%clk 1:13:56]} Bb7 {[%clk 1:21:11]} 15. Rfc1 {[%clk 1:12:00]} bxa3
{[%clk 1:15:50]} 16. Bxa3 {[%clk 1:12:11]} Bxa3 {[%clk 1:16:06]} 17. Rxa3
{[%clk 1:12:35]} Nb4 {[%clk 1:16:17]} 18. Bh7+ {[%clk 1:12:19]} Kh8
{[%clk 1:16:27]} 19. Qb1 {[%clk 1:12:48]} g6 {[%clk 1:16:09]} 20. Bxg6
{[%clk 1:13:14]} fxg6 {[%clk 1:16:10]} 21. Qxg6 {[%clk 1:13:42]} Qf6
{[%clk 1:16:25]} 22. Qxf6+ {[%clk 1:02:11]} Nxf6 {[%clk 1:16:45]} 23. Rc7
{[%clk 1:02:36]} Bxf3 {[%clk 1:15:40]} 24. Nxf3 {[%clk 1:02:30]} Rac8
{[%clk 1:16:01]} 25. Rac3 {[%clk 1:02:58]} Rxc7 {[%clk 1:16:21]} 26. Rxc7
{[%clk 1:03:28]} Nfd5 {[%clk 1:16:22]} 27. Ra7 {[%clk 1:03:18]} Rc8
{[%clk 1:16:29]} 28. g4 {[%clk 1:03:42]} Nc6 {[%clk 1:16:51]} 29. Rd7
{[%clk 1:02:47]} a4 {[%clk 1:16:52]} 30. Nh4 {[%clk 1:03:15]} a3 {[%clk 1:16:59]}
31. Ng6+ {[%clk 1:01:49]} Kg8 {[%clk 1:16:33]} 0-1

[Event "WCO 2016"]
[Site "?"]
[Date "2016.09.13"]
[Round "11"]
[Board "13"]
[WhiteID "13002783"]
[White "Wynn Zaw Htun"]
[BlackID "8100144"]
[Black "Mansour Sameer"]
[Result "0-1"]
[BlackElo "2245"]
[WhiteElo "2407"]
[LiveChessVersion "1.4.8"]

1. Nf3 {[%clk 1:30:57]} Nf6 {[%clk 1:30:24]} 2. g3 {[%clk 1:31:12]} g6
{[%clk 1:30:07]} 3. Bg2 {[%clk 1:31:33]} Bg7 {[%clk 1:30:26]} 4. d3
{[%clk 1:31:58]} d5 {[%clk 1:30:22]} 5. O-O {[%clk 1:32:23]} O-O {[%clk 1:30:41]}
6. Nbd2 {[%clk 1:32:28]} c5 {[%clk 1:30:43]} 7. e4 {[%clk 1:32:51]} Nc6
{[%clk 1:31:06]} 8. Re1 {[%clk 1:32:39]} Qc7 {[%clk 1:30:24]} 9. c3
{[%clk 1:25:23]} Rd8 {[%clk 1:22:45]} 10. exd5 {[%clk 1:18:33]} Nxd5
{[%clk 1:22:35]} 11. Qb3 {[%clk 1:18:19]} b6 {[%clk 1:10:23]} 12. Nc4
{[%clk 1:10:18]} Bb7 {[%clk 1:07:46]} 13. a4 {[%clk 1:06:57]} a6 {[%clk 0:59:17]}
14. Ng5 {[%clk 1:05:14]} e6 {[%clk 0:50:09]} 15. Bxd5 {[%clk 0:48:48]} exd5
{[%clk 0:43:31]} 16. Nxb6 {[%clk 0:48:32]} Na5 {[%clk 0:27:08]} 17. Nxa8
{[%clk 0:48:32]} Bxa8 {[%clk 0:27:33]} 18. Qd1 {[%clk 0:46:01]} h6
{[%clk 0:27:26]} 19. Nh3 {[%clk 0:45:14]} d4 {[%clk 0:27:45]} 20. c4
{[%clk 0:44:42]} Nc6 {[%clk 0:24:09]} 21. f3 {[%clk 0:35:00]} g5 {[%clk 0:21:34]}
22. Kf2 {[%clk 0:25:11]} Ne5 {[%clk 0:19:31]} 23. Ng1 {[%clk 0:23:57]} Qc6
{[%clk 0:18:50]} 24. Ra3 {[%clk 0:21:03]} Rb8 {[%clk 0:16:22]} 25. h3
{[%clk 0:17:32]} Qf6 {[%clk 0:15:06]} 26. Kg2 {[%clk 0:06:55]} Kh7
{[%clk 0:12:55]} 27. Rf1 {[%clk 0:06:20]} h5 {[%clk 0:13:01]} 28. Kh2
{[%clk 0:03:02]} Qc6 {[%clk 0:10:54]} 29. Rb3 {[%clk 0:02:47]} Rxb3
{[%clk 0:10:44]} 30. Qxb3 {[%clk 0:03:16]} g4 {[%clk 0:10:24]} 31. Bf4
{[%clk 0:02:49]} gxf3 {[%clk 0:07:29]} 32. Rf2 {[%clk 0:03:07]} Qg6
{[%clk 0:07:36]} 33. Qb8 {[%clk 0:01:28]} Nxd3 {[%clk 0:07:42]} 34. Nxf3
{[%clk 0:01:10]} Bxf3 {[%clk 0:07:41]} 35. Rxf3 {[%clk 0:01:29]} Qe4
{[%clk 0:06:43]} 36. Rxd3 {[%clk 0:00:54]} Qe2+ {[%clk 0:07:11]} 37. Kg1
{[%clk 0:01:00]} Qxd3 {[%clk 0:07:38]} 38. Qb7 {[%clk 0:01:00]} Qf5
{[%clk 0:05:58]} 39. Qg2 {[%clk 0:00:46]} d3 {[%clk 0:06:24]} 40. Qd2
{[%clk 0:30:57]} Bd4+ {[%clk 0:36:47]} 41. Kh2 {[%clk 0:27:27]} Qe4
{[%clk 0:34:26]} 42. Qg2 {[%clk 0:19:51]} f5 {[%clk 0:29:01]} 43. Qxe4
{[%clk 0:16:04]} fxe4 {[%clk 0:28:53]} 44. Kg2 {[%clk 0:16:27]} Bxb2
{[%clk 0:28:48]} 45. Be3 {[%clk 0:16:13]} Bd4 {[%clk 0:29:16]} 46. Bf4
{[%clk 0:16:07]} Kg6 {[%clk 0:28:58]} 47. g4 {[%clk 0:16:36]} hxg4
{[%clk 0:29:19]} 48. hxg4 {[%clk 0:17:04]} Bf6 {[%clk 0:29:32]} 49. Kf1
{[%clk 0:16:09]} Bg5 {[%clk 0:29:56]} 50. Bd6 {[%clk 0:16:28]} e3
{[%clk 0:30:19]} 51. Bxc5 {[%clk 0:16:47]} e2+ {[%clk 0:29:06]} 52. Ke1
{[%clk 0:17:14]} Bd8 {[%clk 0:28:40]} 53. Be3 {[%clk 0:16:55]} Kf6
{[%clk 0:27:29]} 54. g5+ {[%clk 0:06:56]} Kf5 {[%clk 0:26:49]} 55. c5
{[%clk 0:06:49]} Ke4 {[%clk 0:26:22]} 56. Bd2 {[%clk 0:07:00]} Kf3
{[%clk 0:26:22]} 57. c6 {[%clk 0:06:40]} Bc7 {[%clk 0:26:38]} 0-1

[Event "WCO 2016"]
[Site "?"]
[Date "2016.09.13"]
[Round "11"]
[Board "14"]
[WhiteID "8103178"]
[White "Ahmad Al Khatib"]
[BlackID "13000322"]
[Black "Myint Han"]
[Result "1-0"]
[BlackElo "2289"]
[WhiteElo "2253"]
[LiveChessVersion "1.4.8"]

1. e4 {[%clk 1:30:57]} c5 {[%clk 1:30:50]} 2. Nf3 {[%clk 1:31:17]} e6
{[%clk 1:30:56]} 3. d3 {[%clk 1:31:36]} Nc6 {[%clk 1:31:09]} 4. g3
{[%clk 1:31:53]} g6 {[%clk 1:31:22]} 5. Bg2 {[%clk 1:32:14]} Bg7 {[%clk 1:31:46]}
6. O-O {[%clk 1:32:16]} Nge7 {[%clk 1:32:12]} 7. Re1 {[%clk 1:29:58]} O-O
{[%clk 1:31:05]} 8. c3 {[%clk 1:26:43]} e5 {[%clk 1:25:44]} 9. a3
{[%clk 1:22:21]} a5 {[%clk 1:20:12]} 10. a4 {[%clk 1:22:35]} d6 {[%clk 1:19:11]}
11. Na3 {[%clk 1:21:09]} h6 {[%clk 1:19:24]} 12. Nb5 {[%clk 1:20:12]} f5
{[%clk 1:19:35]} 13. Nd2 {[%clk 1:16:04]} Be6 {[%clk 1:14:02]} 14. Nc4
{[%clk 1:10:30]} Nc8 {[%clk 1:12:10]} 15. exf5 {[%clk 0:43:39]} gxf5
{[%clk 1:09:11]} 16. Qe2 {[%clk 0:41:29]} Bf7 {[%clk 1:04:08]} 17. f4
{[%clk 0:38:42]} Re8 {[%clk 0:54:57]} 18. fxe5 {[%clk 0:32:49]} dxe5
{[%clk 0:51:39]} 19. Be3 {[%clk 0:31:42]} Bf8 {[%clk 0:39:11]} 20. Rad1
{[%clk 0:29:58]} f4 {[%clk 0:32:08]} 21. Qg4+ {[%clk 0:24:07]} Kh8
{[%clk 0:30:48]} 22. gxf4 {[%clk 0:23:52]} Ra6 {[%clk 0:28:19]} 23. Bf2
{[%clk 0:09:44]} Re6 {[%clk 0:19:14]} 24. f5 {[%clk 0:07:47]} Rf6
{[%clk 0:19:21]} 25. Bh4 {[%clk 0:07:48]} Bg7 {[%clk 0:19:39]} 26. Bxc6
{[%clk 0:04:15]} bxc6 {[%clk 0:18:05]} 27. Nxe5 {[%clk 0:04:30]} Be8
{[%clk 0:17:55]} 28. Bxf6 {[%clk 0:04:28]} Bxf6 {[%clk 0:18:01]} 29. Ng6+
{[%clk 0:04:22]} Kh7 {[%clk 0:17:59]} 30. Nc7 {[%clk 0:03:02]} Bf7
{[%clk 0:16:42]} 31. Nxa6 {[%clk 0:02:32]} Nd6 {[%clk 0:14:26]} 32. Nxc5
{[%clk 0:01:42]} Nxf5 {[%clk 0:14:44]} 33. Nf8+ {[%clk 0:01:01]} Qxf8
{[%clk 0:15:02]} 34. Qxf5+ {[%clk 0:01:17]} Bg6 {[%clk 0:15:22]} 35. Qd7+
{[%clk 0:01:00]} Kh8 {[%clk 0:15:46]} 36. Ne6 {[%clk 0:00:40]} Qg8
{[%clk 0:16:01]} 37. Re3 {[%clk 0:00:33]} Bf5+ {[%clk 0:16:07]} 38. Rg3
{[%clk 0:00:55]} Qxe6 {[%clk 0:16:07]} 39. Qxe6 {[%clk 0:01:10]} Bxe6
{[%clk 0:16:28]} 40. Rg6 {[%clk 0:31:31]} 1-0

[Event "WCO 2016"]
[Site "?"]
[Date "2016.09.13"]
[Round "11"]
[Board "15"]
[WhiteID "13002767"]
[White "Sie Thu"]
[BlackID "8100918"]
[Black "Mohannad Farhan"]
[Result "1-0"]
[BlackElo "2294"]
[WhiteElo "2148"]
[LiveChessVersion "1.4.8"]

1. e4 {[%clk 1:30:53]} e5 {[%clk 1:30:41]} 2. Nf3 {[%clk 1:30:53]} Nc6
{[%clk 1:30:50]} 3. Bb5 {[%clk 1:30:52]} a6 {[%clk 1:31:10]} 4. Ba4
{[%clk 1:31:18]} Nf6 {[%clk 1:31:33]} 5. O-O {[%clk 1:31:17]} Be7
{[%clk 1:31:48]} 6. Re1 {[%clk 1:31:11]} b5 {[%clk 1:32:11]} 7. Bb3
{[%clk 1:31:40]} d6 {[%clk 1:32:32]} 8. c3 {[%clk 1:31:25]} O-O {[%clk 1:32:52]}
9. h3 {[%clk 1:31:07]} Na5 {[%clk 1:32:43]} 10. Bc2 {[%clk 1:31:04]} c5
{[%clk 1:33:10]} 11. d3 {[%clk 1:31:05]} Nd7 {[%clk 1:33:11]} 12. Nbd2
{[%clk 1:30:45]} Nb6 {[%clk 1:33:32]} 13. Nf1 {[%clk 1:30:38]} Nc6
{[%clk 1:33:51]} 14. Ng3 {[%clk 1:28:07]} g6 {[%clk 1:34:07]} 15. Bh6
{[%clk 1:28:05]} Re8 {[%clk 1:34:28]} 16. Qd2 {[%clk 1:25:33]} Bf6
{[%clk 1:32:08]} 17. Ng5 {[%clk 1:23:09]} Bg7 {[%clk 1:04:51]} 18. Bxg7
{[%clk 1:21:27]} Kxg7 {[%clk 1:05:08]} 19. f4 {[%clk 1:20:59]} f6
{[%clk 1:05:04]} 20. Nf3 {[%clk 1:21:15]} Be6 {[%clk 1:02:02]} 21. f5
{[%clk 1:13:08]} Bf7 {[%clk 1:02:27]} 22. h4 {[%clk 1:12:33]} Ne7
{[%clk 0:55:59]} 23. h5 {[%clk 1:05:46]} gxf5 {[%clk 0:51:28]} 24. exf5
{[%clk 0:49:13]} Ned5 {[%clk 0:50:43]} 25. Re4 {[%clk 0:46:28]} Nf4
{[%clk 0:49:51]} 26. Ne2 {[%clk 0:42:06]} Nbd5 {[%clk 0:37:56]} 27. Kf2
{[%clk 0:29:13]} Nxe2 {[%clk 0:32:57]} 28. Rxe2 {[%clk 0:22:54]} Nf4
{[%clk 0:33:08]} 29. Re3 {[%clk 0:21:59]} Kh8 {[%clk 0:25:38]} 30. Rh1
{[%clk 0:16:25]} Qd7 {[%clk 0:23:56]} 31. Nh4 {[%clk 0:16:07]} Bxh5
{[%clk 0:17:30]} 32. g3 {[%clk 0:15:16]} Nd5 {[%clk 0:15:40]} 33. Re4
{[%clk 0:12:38]} Qg7 {[%clk 0:13:27]} 34. Ng6+ {[%clk 0:08:27]} Bxg6
{[%clk 0:12:20]} 35. Rg4 {[%clk 0:08:07]} Ne7 {[%clk 0:08:34]} 36. fxg6
{[%clk 0:07:56]} Nxg6 {[%clk 0:07:45]} 37. Rh6 {[%clk 0:05:46]} Kg8
{[%clk 0:06:45]} 38. Bb3+ {[%clk 0:05:33]} Kf8 {[%clk 0:05:28]} 39. Kg1
{[%clk 0:04:14]} Ra7 {[%clk 0:02:14]} 40. Qh2 {[%clk 0:31:43]} c4
{[%clk 0:31:18]} 41. dxc4 {[%clk 0:31:24]} Qc7 {[%clk 0:19:01]} 42. Rgxg6
{[%clk 0:27:40]} Qc5+ {[%clk 0:19:06]} 43. Qf2 {[%clk 0:27:55]} Qxf2+
{[%clk 0:12:14]} 44. Kxf2 {[%clk 0:28:19]} hxg6 {[%clk 0:12:36]} 45. Rh8+
{[%clk 0:28:44]} Ke7 {[%clk 0:11:24]} 46. Rh7+ {[%clk 0:29:06]} Ke6
{[%clk 0:11:51]} 47. Rxa7 {[%clk 0:29:12]} Kf5 {[%clk 0:11:04]} 48. Rxa6
{[%clk 0:29:16]} bxc4 {[%clk 0:11:28]} 49. Bxc4 {[%clk 0:29:29]} Rb8
{[%clk 0:11:29]} 50. Bd3+ {[%clk 0:29:25]} Kg5 {[%clk 0:10:05]} 51. b4
{[%clk 0:29:42]} d5 {[%clk 0:09:35]} 52. b5 {[%clk 0:29:54]} f5 {[%clk 0:06:20]}
53. a4 {[%clk 0:29:53]} Rh8 {[%clk 0:03:14]} 54. b6 {[%clk 0:29:54]} e4
{[%clk 0:03:37]} 55. Bf1 {[%clk 0:29:51]} f4 {[%clk 0:03:58]} 56. gxf4+
{[%clk 0:30:06]} Kxf4 {[%clk 0:04:25]} 57. b7 {[%clk 0:30:25]} Rh2+
{[%clk 0:01:43]} 58. Bg2 {[%clk 0:30:27]} e3+ {[%clk 0:01:58]} 59. Kg1
{[%clk 0:30:52]} Rh8 {[%clk 0:00:34]} 60. Ra8 {[%clk 0:31:03]} e2
{[%clk 0:00:57]} 61. Kf2 {[%clk 0:31:20]} 1-0

[Event "WCO 2016"]
[Site "?"]
[Date "2016.09.13"]
[Round "11"]
[Board "13"]
[WhiteID "405817"]
[White "Greet Andrew N"]
[BlackID "5300118"]
[Black "Eid Fadi"]
[Result "1-0"]
[BlackElo "2354"]
[WhiteElo "2455"]
[LiveChessVersion "1.4.8"]

1. d4 {[%clk 1:30:57]} Nc6 {[%clk 1:30:55]} 2. d5 {[%clk 1:31:07]} Ne5
{[%clk 1:31:23]} 3. e4 {[%clk 1:31:15]} e6 {[%clk 1:31:27]} 4. f4
{[%clk 1:30:58]} Ng6 {[%clk 1:31:50]} 5. dxe6 {[%clk 1:31:19]} dxe6
{[%clk 1:31:51]} 6. Qxd8+ {[%clk 1:31:41]} Kxd8 {[%clk 1:32:18]} 7. Nf3
{[%clk 1:31:36]} Nf6 {[%clk 1:31:33]} 8. Bd3 {[%clk 1:30:34]} Bc5
{[%clk 1:30:27]} 9. Nc3 {[%clk 1:28:53]} Bd7 {[%clk 1:27:12]} 10. Ke2
{[%clk 1:24:01]} a6 {[%clk 1:22:47]} 11. g3 {[%clk 1:22:02]} Bc6 {[%clk 1:19:07]}
12. e5 {[%clk 1:14:50]} Nd7 {[%clk 1:13:29]} 13. Ne4 {[%clk 1:14:46]} Ba7
{[%clk 1:10:23]} 14. Rd1 {[%clk 1:13:45]} Ke8 {[%clk 1:10:25]} 15. b4
{[%clk 1:07:14]} b5 {[%clk 1:03:44]} 16. Bb2 {[%clk 0:49:30]} Nb6
{[%clk 1:01:54]} 17. Bd4 {[%clk 0:35:13]} Nc4 {[%clk 0:54:25]} 18. a4
{[%clk 0:30:55]} bxa4 {[%clk 0:39:58]} 19. Bxc4 {[%clk 0:27:54]} Bxe4
{[%clk 0:40:26]} 20. Bxa7 {[%clk 0:28:03]} Rxa7 {[%clk 0:40:54]} 21. Nd4
{[%clk 0:27:48]} Ne7 {[%clk 0:25:30]} 22. Rxa4 {[%clk 0:22:54]} Nd5
{[%clk 0:22:39]} 23. Bxd5 {[%clk 0:22:29]} Bxd5 {[%clk 0:22:57]} 24. b5
{[%clk 0:22:02]} Ke7 {[%clk 0:21:17]} 25. c4 {[%clk 0:20:30]} Bb7
{[%clk 0:18:12]} 26. bxa6 {[%clk 0:19:41]} Ba8 {[%clk 0:15:32]} 27. Ra3
{[%clk 0:16:34]} c5 {[%clk 0:13:29]} 28. Nb5 {[%clk 0:15:55]} Rd7
{[%clk 0:13:58]} 29. Rxd7+ {[%clk 0:15:13]} Kxd7 {[%clk 0:14:20]} 30. Rd3+
{[%clk 0:15:29]} Ke7 {[%clk 0:14:32]} 31. Rd6 {[%clk 0:15:06]} Rc8
{[%clk 0:13:17]} 32. Kd2 {[%clk 0:13:39]} f6 {[%clk 0:08:29]} 33. Rb6
{[%clk 0:09:56]} fxe5 {[%clk 0:08:18]} 34. fxe5 {[%clk 0:10:14]} Rc6
{[%clk 0:08:11]} 35. Rxc6 {[%clk 0:10:21]} Bxc6 {[%clk 0:08:40]} 36. Kc3
{[%clk 0:10:17]} Kd7 {[%clk 0:07:26]} 37. Kb3 {[%clk 0:10:20]} 1-0

[Event "WCO 2016"]
[Site "?"]
[Date "2016.09.13"]
[Round "11"]
[Board "14"]
[WhiteID "5300380"]
[White "El Jawich Amro"]
[BlackID "2400553"]
[Black "Shaw John"]
[Result "0-1"]
[BlackElo "2454"]
[WhiteElo "2260"]
[LiveChessVersion "1.4.8"]

1. e4 {[%clk 1:30:51]} c5 {[%clk 1:30:55]} 2. Nc3 {[%clk 1:31:06]} Nc6
{[%clk 1:31:02]} 3. Bb5 {[%clk 1:31:01]} Nd4 {[%clk 1:31:22]} 4. Nf3
{[%clk 1:31:03]} Nxb5 {[%clk 1:30:01]} 5. Nxb5 {[%clk 1:31:19]} d6
{[%clk 1:30:27]} 6. d4 {[%clk 1:24:29]} Nf6 {[%clk 1:30:41]} 7. Qe2
{[%clk 1:17:20]} a6 {[%clk 1:24:12]} 8. Nc3 {[%clk 1:17:25]} cxd4
{[%clk 1:24:06]} 9. Nxd4 {[%clk 1:17:43]} e5 {[%clk 1:24:22]} 10. Nf5
{[%clk 1:04:08]} h6 {[%clk 1:24:37]} 11. Ne3 {[%clk 0:56:05]} Be6
{[%clk 1:20:46]} 12. Bd2 {[%clk 0:53:22]} Rc8 {[%clk 1:19:26]} 13. g3
{[%clk 0:46:55]} Be7 {[%clk 1:13:31]} 14. f4 {[%clk 0:24:45]} Rxc3
{[%clk 1:11:27]} 15. Bxc3 {[%clk 0:19:09]} Nxe4 {[%clk 1:11:07]} 16. f5
{[%clk 0:18:49]} Bd7 {[%clk 1:08:27]} 17. Nd5 {[%clk 0:14:13]} Bxf5
{[%clk 1:06:15]} 18. O-O-O {[%clk 0:13:30]} Nxc3 {[%clk 1:00:11]} 19. Nxc3
{[%clk 0:13:42]} Qc8 {[%clk 1:00:23]} 20. Rdf1 {[%clk 0:11:41]} O-O
{[%clk 0:59:14]} 21. Kb1 {[%clk 0:10:32]} Be6 {[%clk 0:58:07]} 22. Qd2
{[%clk 0:06:36]} Qc6 {[%clk 0:55:07]} 23. g4 {[%clk 0:03:38]} d5 {[%clk 0:53:55]}
24. Rhg1 {[%clk 0:02:15]} d4 {[%clk 0:49:44]} 25. Nd1 {[%clk 0:02:40]} Rc8
{[%clk 0:46:07]} 26. b3 {[%clk 0:01:49]} Bg5 {[%clk 0:41:57]} 27. Qe2
{[%clk 0:01:29]} e4 {[%clk 0:27:50]} 28. Nf2 {[%clk 0:01:47]} Bd5
{[%clk 0:22:06]} 29. Rg3 {[%clk 0:01:48]} Bh4 {[%clk 0:17:10]} 30. Rh3
{[%clk 0:01:58]} Bxf2 {[%clk 0:10:39]} 31. Qxf2 {[%clk 0:01:54]} e3
{[%clk 0:10:38]} 32. Qf5 {[%clk 0:00:31]} e2 {[%clk 0:07:41]} 0-1